Inovatívne technológie vo zváraní a NDT zborník prednášok : odborný seminár s medzinárodnou účasťou : perspektívne technológie a materiály pre technické aplikácie : Kálnica - chata STU Bratislava 24. - 25. 11. 2005

Bibliographic Details
Other Authors: Žúbor, Peter, 1974- (Editor), Koleno, Anton (Editor)
Format: Book
Language:Slovak
PhysicalDescription:80 s. grafy, sch., tab. 29 cm
Published: Trnava Slovenská zváračská spoločnosť 2005
ISBN:8096939327 (brož.)
Edition:1. vyd.
Subjects:

MARC

LEADER 00000nam a2200000 a 4500
001 vtls008981570
003 SK-MaSNL
005 20260302075725.0
008 171123s2005 xo dl f 100 0 slo
015 |a SNBA2007/06-02556 
020 |a 8096939327 (brož.) 
035 |a 8A49D3E6-F3C5-4CAA-B1E8-AE71EC78AA40 
035 |a urn:nbn:sk:snk-amtfh3 
035 |a urn:nbn:sk:snk-am00cd3q 
040 |a SNK  |b slo  |c SNK  |e AACR2 
041 0 |a slo  |b slo  |b eng 
044 |a xo  |c SK 
072 7 |a 621  |x Strojárstvo  |2 konspekt 
080 |a 001.126-029:6  |2 2001 
080 |a (062.534)  |2 2001 
080 |a 621.791  |2 2001 
245 0 0 |a Inovatívne technológie vo zváraní a NDT  |b zborník prednášok : odborný seminár s medzinárodnou účasťou : perspektívne technológie a materiály pre technické aplikácie : Kálnica - chata STU Bratislava 24. - 25. 11. 2005  |c [editor: Peter Žúbor, Anton Koleno] 
250 |a 1. vyd. 
260 |a Trnava  |b Slovenská zváračská spoločnosť  |c 2005 
300 |a 80 s.  |b grafy, sch., tab.  |c 29 cm 
366 |e 15 výtl. 
500 |a Názov z obalu. Hrebeňová väzba 
504 |a Bibliogr. odkazy 
546 |a Res. angl., slov. 
650 0 7 |a zváranie  |2 SNKPH  |9 1839 
650 0 7 |a technológia  |2 SNKPH  |9 66619 
655 7 |a zborníky konferencií  |2 SNKPH  |9 70153 
700 1 |a Žúbor, Peter,  |d 1974-  |4 edt  |9 196524 
700 1 |a Koleno, Anton  |4 edt  |9 315076 
919 |a 80-969393-2-7 
958 |a OND 
958 |a NB 
968 |d 62 
999 |c 1170310  |d 1172240 
952 |a SNK  |b SNK  |y PREZ  |7 0  |p 17A0549865  |o snkSB 74255  |i snk2007/10310  |8 0  |0 0  |1 0  |4 0  |d 2007-04-17  |f 1  |l 0  |r 2025-04-24 00:00:00  |w 2026-02-24